<?xml version="1.0" encoding="UTF-8"?>
<record
    xmlns:xsi="http://www.w3.org/2001/XMLSchema-instance"
    xsi:schemaLocation="http://www.loc.gov/MARC21/slim http://www.loc.gov/standards/marcxml/schema/MARC21slim.xsd"
    xmlns="http://www.loc.gov/MARC21/slim">

  <leader>03253nam0a2200505   4500</leader>
  <controlfield tag="001">v19\rc\1664694</controlfield>
  <controlfield tag="005">20260406163816.0</controlfield>
  <datafield tag="035" ind1=" " ind2=" ">
    <subfield code="a">(NLR Aleph) 005229707</subfield>
  </datafield>
  <datafield tag="090" ind1=" " ind2=" ">
    <subfield code="a">5592144</subfield>
    <subfield code="c">5592144</subfield>
  </datafield>
  <datafield tag="100" ind1=" " ind2=" ">
    <subfield code="a">20061002d1892    u  y0rusy50      ca</subfield>
  </datafield>
  <datafield tag="101" ind1="0" ind2=" ">
    <subfield code="a">rus</subfield>
  </datafield>
  <datafield tag="102" ind1=" " ind2=" ">
    <subfield code="a">RU</subfield>
  </datafield>
  <datafield tag="105" ind1=" " ind2=" ">
    <subfield code="a">c   z   000cd</subfield>
  </datafield>
  <datafield tag="135" ind1=" " ind2=" ">
    <subfield code="a">crcn 024aaaba</subfield>
  </datafield>
  <datafield tag="200" ind1="1" ind2=" ">
    <subfield code="a">&#x418;&#x43E;&#x433;&#x430;&#x43D; &#x413;&#x443;&#x442;&#x435;&#x43D;&#x431;&#x435;&#x440;&#x433;</subfield>
    <subfield code="e">&#x435;&#x433;&#x43E; &#x436;&#x438;&#x437;&#x43D;&#x44C; &#x438; &#x434;&#x435;&#x44F;&#x442;&#x435;&#x43B;&#x44C;&#x43D;&#x43E;&#x441;&#x442;&#x44C; &#x432; &#x441;&#x432;&#x44F;&#x437;&#x438; &#x441; &#x438;&#x441;&#x442;&#x43E;&#x440;&#x438;&#x435;&#x439; &#x43A;&#x43D;&#x438;&#x433;&#x43E;&#x43F;&#x435;&#x447;&#x430;&#x442;&#x430;&#x43D;&#x438;&#x44F;</subfield>
    <subfield code="e">&#x431;&#x438;&#x43E;&#x433;&#x440;&#x430;&#x444;&#x438;&#x447;&#x435;&#x441;&#x43A;&#x438;&#x439; &#x43E;&#x447;&#x435;&#x440;&#x43A; &#x410;. &#x410;. &#x411;&#x430;&#x445;&#x442;&#x438;&#x430;&#x440;&#x43E;&#x432;&#x430;</subfield>
    <subfield code="e">&#x441; &#x43F;&#x43E;&#x440;&#x442;&#x440;&#x435;&#x442;&#x43E;&#x43C; &#x413;&#x443;&#x442;&#x435;&#x43D;&#x431;&#x435;&#x440;&#x433;&#x430;, &#x433;&#x440;&#x430;&#x432;&#x438;&#x440;&#x43E;&#x432;&#x430;&#x43D;&#x43D;&#x44B;&#x43C; &#x432; &#x41B;&#x435;&#x439;&#x43F;&#x446;&#x438;&#x433;&#x435; &#x413;&#x435;&#x434;&#x430;&#x43D;&#x43E;&#x43C;</subfield>
  </datafield>
  <datafield tag="210" ind1=" " ind2=" ">
    <subfield code="a">&#x421;.-&#x41F;&#x435;&#x442;&#x435;&#x440;&#x431;&#x443;&#x440;&#x433;</subfield>
    <subfield code="c">&#x422;&#x438;&#x43F;&#x43E;&#x433;&#x440;&#x430;&#x444;&#x438;&#x44F; &#x438; &#x445;&#x440;&#x43E;&#x43C;&#x43E;&#x43B;&#x438;&#x442;&#x43E;&#x433;&#x440;&#x430;&#x444;&#x438;&#x44F; &#x410;. &#x422;&#x440;&#x430;&#x43D;&#x448;&#x435;&#x43B;&#x44C;</subfield>
    <subfield code="d">1892</subfield>
  </datafield>
  <datafield tag="215" ind1=" " ind2=" ">
    <subfield code="a">94 &#x441;., [1] &#x43B;. &#x43F;&#x43E;&#x440;&#x442;&#x440;.</subfield>
    <subfield code="d">18</subfield>
  </datafield>
  <datafield tag="225" ind1="1" ind2=" ">
    <subfield code="a">&#x416;&#x438;&#x437;&#x43D;&#x44C; &#x437;&#x430;&#x43C;&#x435;&#x447;&#x430;&#x442;&#x435;&#x43B;&#x44C;&#x43D;&#x44B;&#x445; &#x43B;&#x44E;&#x434;&#x435;&#x439;</subfield>
    <subfield code="e">&#x431;&#x438;&#x43E;&#x433;&#x440;&#x430;&#x444;&#x438;&#x447;&#x435;&#x441;&#x43A;&#x430;&#x44F; &#x431;&#x438;&#x431;&#x43B;&#x438;&#x43E;&#x442;&#x435;&#x43A;&#x430; &#x424;. &#x41F;&#x430;&#x432;&#x43B;&#x435;&#x43D;&#x43A;&#x43E;&#x432;&#x430;</subfield>
  </datafield>
  <datafield tag="300" ind1=" " ind2=" ">
    <subfield code="a">&#x417;&#x430;&#x433;&#x43B;. &#x43E;&#x431;&#x43B;.: &#x413;&#x443;&#x442;&#x435;&#x43D;&#x431;&#x435;&#x440;&#x433;</subfield>
  </datafield>
  <datafield tag="317" ind1=" " ind2=" ">
    <subfield code="a">&#x418;&#x43C;&#x435;&#x435;&#x442;&#x441;&#x44F; &#x442;&#x430;&#x43A;&#x436;&#x435; &#x432; &#x413;&#x43E;&#x441;. &#x43B;&#x438;&#x442;. &#x43C;&#x443;&#x437;&#x435;&#x435; &#xAB;XX &#x432;&#x435;&#x43A;&#xBB; &#x432; &#x43C;&#x435;&#x43C;&#x43E;&#x440;&#x438;&#x430;&#x43B;&#x44C;&#x43D;&#x43E;&#x439; &#x431;-&#x43A;&#x435; &#x41C;. &#x41C;. &#x417;&#x43E;&#x449;&#x435;&#x43D;&#x43A;&#x43E;. &#x42D;&#x43A;&#x437;. &#x441; &#x440;&#x443;&#x43A;&#x43E;&#x43F;. &#x43A;&#x430;&#x440;&#x430;&#x43D;&#x434;&#x430;&#x448;. &#x43F;&#x43E;&#x43C;&#x435;&#x442;&#x430;&#x43C;&#x438; (&#x43E;&#x431;&#x43B;. &#x438; &#x43E;&#x431;&#x43E;&#x440;&#x43E;&#x442; &#x43F;&#x43E;&#x440;&#x442;&#x440;.) &#x438; &#x432;&#x43B;&#x430;&#x434;&#x435;&#x43B;&#x44C;&#x447;. &#x430;&#x432;&#x442;&#x43E;&#x433;&#x440;. &#x41C;. &#x41C;. &#x417;&#x43E;&#x449;&#x435;&#x43D;&#x43A;&#x43E; &#x441; &#x43F;&#x43E;&#x440;&#x44F;&#x434;&#x43A;&#x43E;&#x432;&#x44B;&#x43C; &#x43D;&#x43E;&#x43C;&#x435;&#x440;&#x43E;&#x43C; &#x43A;&#x43D;. &#x438;&#x437; &#x43B;&#x438;&#x447;&#x43D;&#x43E;&#x433;&#x43E; &#x441;&#x43E;&#x431;&#x440;&#x430;&#x43D;&#x438;&#x44F;: &#x2116; 1813 &#xA9; &#x421;&#x41F;&#x431;&#x413;&#x411;&#x423;&#x41A; &#xAB;&#x413;&#x43E;&#x441;&#x443;&#x434;&#x430;&#x440;&#x441;&#x442;&#x432;&#x435;&#x43D;&#x43D;&#x44B;&#x439; &#x43B;&#x438;&#x442;&#x435;&#x440;&#x430;&#x442;&#x443;&#x440;&#x43D;&#x44B;&#x439; &#x43C;&#x443;&#x437;&#x435;&#x439; &#xAB;XX &#x432;&#x435;&#x43A;&#xBB;</subfield>
    <subfield code="5">&#x413;&#x41B;&#x41C; &#xAB;XX &#x432;&#x435;&#x43A;&#xBB;</subfield>
  </datafield>
  <datafield tag="325" ind1=" " ind2=" ">
    <subfield code="a">&#x42D;&#x43B;&#x435;&#x43A;&#x442;&#x440;&#x43E;&#x43D;&#x43D;&#x430;&#x44F; &#x43A;&#x43E;&#x43F;&#x438;&#x44F; &#x438;&#x437;&#x434;&#x430;&#x43D;&#x438;&#x44F; &#x43F;&#x440;&#x435;&#x434;&#x441;&#x442;&#x430;&#x432;&#x43B;&#x435;&#x43D;&#x430; &#x444;&#x440;&#x430;&#x433;&#x43C;&#x435;&#x43D;&#x442;&#x430;&#x440;&#x43D;&#x43E; &#x438;&#x437; &#x444;&#x43E;&#x43D;&#x434;&#x430; &#x413;&#x43E;&#x441;&#x443;&#x434;&#x430;&#x440;&#x441;&#x442;&#x432;&#x435;&#x43D;&#x43D;&#x43E;&#x433;&#x43E; &#x43B;&#x438;&#x442;&#x435;&#x440;&#x430;&#x442;&#x443;&#x440;&#x43D;&#x43E;&#x433;&#x43E; &#x43C;&#x443;&#x437;&#x435;&#x44F; &#xAB;&#x425;&#x425; &#x432;&#x435;&#x43A;&#xBB;</subfield>
  </datafield>
  <datafield tag="512" ind1="1" ind2=" ">
    <subfield code="a">&#x413;&#x443;&#x442;&#x435;&#x43D;&#x431;&#x435;&#x440;&#x433;</subfield>
  </datafield>
  <datafield tag="600" ind1=" " ind2="1">
    <subfield code="a">&#x413;&#x443;&#x442;&#x435;&#x43D;&#x431;&#x435;&#x440;&#x433;</subfield>
    <subfield code="b">&#x418;.</subfield>
    <subfield code="f">&#x43E;&#x43A;. 1400 - 1468</subfield>
    <subfield code="g">&#x418;&#x43E;&#x433;&#x430;&#x43D;&#x43D;</subfield>
    <subfield code="x">&#x411;&#x438;&#x43E;&#x433;&#x440;&#x430;&#x444;&#x438;&#x44F;</subfield>
    <subfield code="9">2269960</subfield>
    <subfield code="3">RU\NLR\AUTH\6601589690</subfield>
  </datafield>
  <datafield tag="686" ind1="3" ind2=" ">
    <subfield code="a">&#x427;611.63(4&#x413;)4-8&#x413;&#x443;&#x442;&#x435;&#x43D;&#x431;&#x435;&#x440;&#x433;</subfield>
  </datafield>
  <datafield tag="700" ind1=" " ind2="1">
    <subfield code="7">ca</subfield>
    <subfield code="8">rus</subfield>
    <subfield code="a">&#x411;&#x430;&#x445;&#x442;&#x438;&#x430;&#x440;&#x43E;&#x432;</subfield>
    <subfield code="b">&#x410;. &#x410;.</subfield>
    <subfield code="f">1851-1916</subfield>
    <subfield code="g">&#x410;&#x43D;&#x430;&#x442;&#x43E;&#x43B;&#x438;&#x439; &#x410;&#x43B;&#x435;&#x43A;&#x441;&#x430;&#x43D;&#x434;&#x440;&#x43E;&#x432;&#x438;&#x447;</subfield>
    <subfield code="3">RU\NLR\AUTH\7766121</subfield>
    <subfield code="9">49050</subfield>
  </datafield>
  <datafield tag="702" ind1=" " ind2="1">
    <subfield code="4">280</subfield>
    <subfield code="8">rus</subfield>
    <subfield code="7">ca</subfield>
    <subfield code="a">&#x413;&#x443;&#x442;&#x435;&#x43D;&#x431;&#x435;&#x440;&#x433;</subfield>
    <subfield code="b">&#x418;.</subfield>
    <subfield code="f">&#x43E;&#x43A;. 1399-1468</subfield>
    <subfield code="g">&#x418;&#x43E;&#x433;&#x430;&#x43D;&#x43D;</subfield>
    <subfield code="3">RU\NLR\AUTH\7772608</subfield>
    <subfield code="9">55536</subfield>
  </datafield>
  <datafield tag="702" ind1=" " ind2="1">
    <subfield code="4">350</subfield>
    <subfield code="8">rus</subfield>
    <subfield code="7">ca</subfield>
    <subfield code="a">&#x413;&#x435;&#x434;&#x430;&#x43D;</subfield>
    <subfield code="b">&#x413;.</subfield>
    <subfield code="c">&#x433;&#x440;&#x430;&#x432;&#x435;&#x440;</subfield>
    <subfield code="f">19 &#x432;.</subfield>
    <subfield code="g">&#x413;&#x435;&#x440;&#x43C;&#x430;&#x43D;</subfield>
    <subfield code="3">RU\NLR\AUTH\7775843</subfield>
    <subfield code="9">58771</subfield>
  </datafield>
  <datafield tag="702" ind1=" " ind2="1">
    <subfield code="4">390</subfield>
    <subfield code="8">rus</subfield>
    <subfield code="7">ca</subfield>
    <subfield code="a">&#x417;&#x43E;&#x449;&#x435;&#x43D;&#x43A;&#x43E;</subfield>
    <subfield code="b">&#x41C;. &#x41C;.</subfield>
    <subfield code="f">1894-1958</subfield>
    <subfield code="g">&#x41C;&#x438;&#x445;&#x430;&#x438;&#x43B; &#x41C;&#x438;&#x445;&#x430;&#x439;&#x43B;&#x43E;&#x432;&#x438;&#x447;</subfield>
    <subfield code="3">RU\NLR\AUTH\7710334</subfield>
    <subfield code="9">120112</subfield>
  </datafield>
  <datafield tag="801" ind1=" " ind2="2">
    <subfield code="a">RU</subfield>
    <subfield code="b">NLR</subfield>
    <subfield code="c">20090213</subfield>
    <subfield code="2">rusmarc</subfield>
  </datafield>
  <datafield tag="801" ind1=" " ind2="0">
    <subfield code="a">RU</subfield>
    <subfield code="b">NLR</subfield>
    <subfield code="c">20061002</subfield>
    <subfield code="g">psbo</subfield>
  </datafield>
  <datafield tag="801" ind1=" " ind2="0">
    <subfield code="a">RU</subfield>
    <subfield code="b">RuMoRGB</subfield>
    <subfield code="c">20061002</subfield>
    <subfield code="2">psbo</subfield>
  </datafield>
  <datafield tag="801" ind1=" " ind2="1">
    <subfield code="a">RU</subfield>
    <subfield code="b">ProSoft-M</subfield>
    <subfield code="c">20061002</subfield>
    <subfield code="2">rusmarc</subfield>
  </datafield>
  <datafield tag="852" ind1=" " ind2=" ">
    <subfield code="a">NLR</subfield>
    <subfield code="j">18.14.9.44</subfield>
  </datafield>
  <datafield tag="852" ind1=" " ind2=" ">
    <subfield code="a">NLR</subfield>
    <subfield code="b">&#x411;</subfield>
    <subfield code="j">&#x41A;1685/&#x411;307</subfield>
  </datafield>
  <datafield tag="856" ind1=" " ind2="0">
    <subfield code="u">https://vivaldi.nlr.ru/ob000000379/view</subfield>
  </datafield>
  <datafield tag="856" ind1=" " ind2="1">
    <subfield code="u">https://vivaldi.nlr.ru/ob000000379/cover</subfield>
  </datafield>
  <datafield tag="856" ind1=" " ind2="2">
    <subfield code="u">https://vivaldi.nlr.ru/ob000000379/text</subfield>
  </datafield>
  <datafield tag="899" ind1=" " ind2=" ">
    <subfield code="a">&#x413;&#x41B;&#x41C; &#xAB;XX &#x432;&#x435;&#x43A;&#xBB;</subfield>
    <subfield code="y">(&#x417;&#x43E;&#x449;&#x435;&#x43D;&#x43A;&#x43E;)</subfield>
  </datafield>
  <datafield tag="942" ind1=" " ind2=" ">
    <subfield code="c">BOOK</subfield>
  </datafield>
  <datafield tag="980" ind1=" " ind2=" ">
    <subfield code="a">NB</subfield>
  </datafield>
  <datafield tag="981" ind1="4" ind2="7">
    <subfield code="a">(47) &#x41B;&#x438;&#x447;&#x43D;&#x430;&#x44F; &#x431;&#x438;&#x431;&#x43B;&#x438;&#x43E;&#x442;&#x435;&#x43A;&#x430; &#x41C;.&#x41C;. &#x417;&#x43E;&#x449;&#x435;&#x43D;&#x43A;&#x43E;</subfield>
  </datafield>
  <datafield tag="995" ind1=" " ind2=" ">
    <subfield code="5">2013-10-26</subfield>
    <subfield code="b">NLR02</subfield>
    <subfield code="c">NLR02</subfield>
    <subfield code="e">RFS</subfield>
    <subfield code="f">5229707-10</subfield>
    <subfield code="k">18.14.9.44</subfield>
    <subfield code="o">0</subfield>
    <subfield code="r">BOOK</subfield>
    <subfield code="s">1814944_</subfield>
  </datafield>
  <datafield tag="995" ind1=" " ind2=" ">
    <subfield code="5">2013-10-26</subfield>
    <subfield code="b">NLR02</subfield>
    <subfield code="c">NLR02</subfield>
    <subfield code="e">FB</subfield>
    <subfield code="f">5229707-20</subfield>
    <subfield code="k">&#x411; &#x41A;1685/&#x411;307</subfield>
    <subfield code="o">0</subfield>
    <subfield code="r">BOOK</subfield>
    <subfield code="s">_1685307</subfield>
  </datafield>
</record>
